00586nam a2200193Ia 450000500170000000800410001702000140005804000190007204100120009108200160010324500810011926000390020030000120023950400470025165000230029865100330032170000280035485000100038220220720141059.0131103s9999 xx 000 0 und d a14042122X aLoreto College aEnglish a821.09bLUC aBritish poetry since 1945cedited with an introduction by Edward Lucie-Smith aHarmondsworthbPenguin Booksc1970 a412 p.  aIncludes appendix and index of first lines aEnglish Literature aBritish Poetry - Collections aLucie-Smith,Edward4ed. aLCLIB